00293cam a22001217a 4500008004000000082001600040100001900056245003300075260002900108300001000137650001400147650001000161180718b1979 xxu||||| |||| 00| 0 eng d aT11x56 D196 aDuncan, Andrew aMoney rushcby Andrew Duncan aLondonbHutchinsonc1979 a384p. aEconomics aMoney